[Event "#2"]
[Site "http://www.queenalice.com/game.php?id=951637"]
[Date "2011.6.19"]
[Round "-"]
[White "GreenLantern"]
[Black "CaptnAmerca"]
[Result "1-0"]
[WhiteElo "1500"]
[BlackElo "1100"]

1. Nf3 d5 2. e3 Bd7 3. Ng5 Nf6 4. Nc3 e6 5. d4 Nc6 6. Qf3 Bd6 7. g3 O-O 8. b3
Qe7 9. Bd3 e5 10. Nb5 Bb4+ 11. c3 Bg4 12. Bxh7+ Kh8 13. Qg2 Bxc3+ 14. Nxc3 Qb4
15. Bb2 Qxb3 16. axb3 exd4 17. h3 Bd7 18. Ba3 Rfe8 19. f4 Nxh7 20. Nxd5 f6 21.
Nxc7 Rxe3+ 22. Kf1 Rc8 23. Nb5 fxg5 24. Qd5 Re7 25. h4 g4 26. Nxa7 Rf8 27. Bxe7
Nb4 28. Qxd7 Nc2 29. Rd1 Ne3+ 30. Ke2 Nf6 31. Qxb7 Nxd1 32. Bxf8 Nh5 33. Qf7
Nc3+ 34. Kd3 1-0

[Event "Challenge"]
[Site "http://www.queenalice.com/game.php?id=954603"]
[Date "2011.6.28"]
[Round "-"]
[White "CaptnAmerca"]
[Black "GreenLantern"]
[Result "1-0"]
[WhiteElo "1100"]
[BlackElo "1500"]

1. e4 Nh6 2. d3 d5 3. Nd2 e5 4. Ngf3 g5 5. g3 g4 6. Bg2 gxf3 7. Nxf3 Bb4+ 8. c3
Ba5 9. O-O dxe4 10. Nxe5 f6 11. Qh5+ Ke7 12. Nf7 Nxf7 13. Re1 Qxd3 14. Bxe4 Qc4
15. Bd5+ Kd6 16. Bxc4 Ne5 17. Be2 b6 18. b4 Ba6 19. Rd1+ Kc6 20. Bf3+ Nxf3+ 21.
Qxf3+ Kb5 22. a4+ Kc4 23. Rd4+ Kb3 24. Ra3+ Kc2 25. Qd1+ Kb1 26. Qb3+ Kxc1 27.
Rd1# 1-0

[Event "Challenge"]
[Site "http://www.queenalice.com/game.php?id=957245"]
[Date "2011.7.5"]
[Round "-"]
[White "CaptnAmerca"]
[Black "GreenLantern"]
[Result "1-0"]
[WhiteElo "1038"]
[BlackElo "1500"]

1. e4 Nh6 2. d3 e5 3. f3 b6 4. f4 Qf6 5. fxe5 Qxe5 6. Nf3 Qh5 7. g4 Nxg4 8. Bg2
Bc5 9. e5 Nf2 10. Qe2 Nxh1 11. Ng5 Qh6 12. Bxa8 c6 13. Qg2 Nf2 14. Bd2 Qg6 15.
Nc3 f6 16. Be3 Bxe3 17. Nce4 fxg5 18. Nxf2 O-O 19. Ng4 h5 20. Nxe3 d6 21. Bxc6
dxe5 22. Bb5 Be6 23. Bc4 Qf6 24. O-O-O b5 25. Bb3 Qf4 26. Bxe6+ Kh8 27. Qe2 Qh4
28. c4 Re8 29. Nf5 Qf4+ 30. Rd2 Rxe6 31. Ne3 Ra6 32. Qxh5+ Rh6 33. Qe8+ Kh7 34.
Nd5 Qf5 35. Ne7 Qe6 36. Qxb8 Qxe7 37. Qxb5 g4 38. Qd5 Qg5 39. d4 Rxh2 40. dxe5
g3 41. e6 g2 42. Qxg5 g6 43. Rxg2 Rh5 44. Qxg6+ Kh8 45. Qxh5# 1-0

[Event "Challenge"]
[Site "http://www.queenalice.com/game.php?id=957347"]
[Date "2011.7.6"]
[Round "-"]
[White "AlekinePb"]
[Black "GreenLantern"]
[Result "1-0"]
[WhiteElo "1574"]
[BlackElo "1500"]

1. d4 Nh6 2. Bxh6 gxh6 3. c4 e5 4. d5 Qg5 5. Nf3 Qf5 6. e3 e4 7. Nd4 Bb4+ 8. Nd2
Qf6 9. Be2 Rg8 10. O-O Bd6 11. Nxe4 Qg6 12. Nxd6+ cxd6 13. Bf3 b6 14. Nb5 Kd8
15. b4 Ba6 16. Na3 f5 17. b5 Bb7 18. Nc2 a6 19. a4 Qg5 20. Qd4 axb5 21. axb5 f4
22. Qxb6+ Kc8 23. Qxd6 Qf5 24. b6 Qd3 25. Qc7# 1-0

[Event "Challenge"]
[Site "http://www.queenalice.com/game.php?id=960591"]
[Date "2011.7.15"]
[Round "-"]
[White "GreenLantern"]
[Black "CaptnAmerca"]
[Result "0-1"]
[WhiteElo "1435"]
[BlackElo "1164"]

1. e4 c5 2. d4 cxd4 3. Qg4 Nf6 4. Bg5 Nxg4 5. Na3 Nc6 6. O-O-O Nxf2 7. Bh4 Nxd1
8. Kxd1 d5 9. exd5 Qxd5 10. Kc1 Bf5 11. c4 Qe4 12. Nf3 e5 13. Be1 Bxa3 14. Kd2
Qc2# 0-1

[Event "Challenge"]
[Site "http://www.queenalice.com/game.php?id=963517"]
[Date "2011.7.22"]
[Round "-"]
[White "rumplestiltskin"]
[Black "GreenLantern"]
[Result "1-0"]
[WhiteElo "1517"]
[BlackElo "1255"]

1. e4 Nh6 2. d4 Nc6 3. Nf3 e5 4. d5 Bb4+ 5. Bd2 Ng4 6. dxc6 Nxf2 7. Kxf2 Bc5+ 8.
Ke1 d5 9. Bb5 bxc6 10. Bxc6+ Bd7 11. Bxa8 Qxa8 12. Nxe5 O-O 13. Nxd7 Re8 14.
Nxc5 dxe4 15. Be3 Rd8 16. Qg4 Qd5 17. Nc3 Qe5 18. Qxe4 Qd6 19. Nb7 Qd7 20. Rd1
Qc8 21. Rxd8+ 1-0

[Event "Challenge"]
[Site "http://www.queenalice.com/game.php?id=963695"]
[Date "2011.7.23"]
[Round "-"]
[White "GreenLantern"]
[Black "CaptnAmerca"]
[Result "1-0"]
[WhiteElo "1323"]
[BlackElo "1268"]

1. g3 e5 2. Nf3 Nc6 3. d4 Bb4+ 4. Bd2 a5 5. c3 Nxd4 6. cxb4 Nxf3+ 7. exf3 axb4
8. h4 c5 9. Bb5 Ra5 10. Bg5 Ne7 11. Qd6 Nf5 12. Qxe5+ Ne7 13. Qxg7 Rf8 14. a4 c4
15. O-O b3 16. Re1 Qb6 17. Rxe7+ Kd8 18. Qxf8+ Kc7 19. Bf4+ Qd6 20. Nc3 Ra8 21.
Ne4 Qxf4 22. gxf4 b6 23. Rc1 Bb7 24. Rxd7# 1-0

[Event "Challenge"]
[Site "http://www.queenalice.com/game.php?id=968682"]
[Date "2011.8.4"]
[Round "-"]
[White "GreenLantern"]
[Black "CaptnAmerca"]
[Result "0-1"]
[WhiteElo "1372"]
[BlackElo "1232"]

1. a4 e5 2. e4 Nf6 3. f3 d5 4. d3 Nc6 5. g3 dxe4 6. fxe4 h5 7. c4 Be6 8. a5 Bg4
9. Qa4 Nxe4 10. a6 Nc5 11. Qb5 Nxd3+ 12. Kd2 Nb4+ 13. Kc3 Qd4+ 14. Kb3 Bd1+ 15.
Ka3 Nxa6+ 16. c5 Bxc5+ 17. Ka2 Nb4+ 18. Ka3 Nc2+ 19. Kb3 Na3+ 20. Ka2 Nxb5 21.
Be2 Qa4+ 22. Na3 Nb4+ 23. Kb1 Bc2+ 24. Nxc2 Qxc2# 0-1

[Event "Challenge"]
[Site "http://www.queenalice.com/game.php?id=971170"]
[Date "2011.8.11"]
[Round "-"]
[White "GreenLantern"]
[Black "CaptnAmerca"]
[Result "0-1"]
[WhiteElo "1305"]
[BlackElo "1259"]

1. b4 d5 2. g4 Bxg4 3. f3 Bc8 4. Nc3 e5 5. Nh3 Bxb4 6. f4 d4 7. a3 Bf8 8. Nb5
exf4 9. Bg2 Bc5 10. Bb2 Qh4+ 11. Nf2 d3 12. Nd4 Nc6 13. e3 Be6 14. Nxe6 fxe6 15.
Bxg7 O-O-O 16. Bxh8 fxe3 17. dxe3 dxc2 18. Qxc2 Bxe3 19. O-O Nf6 20. Qc3 Ng4 21.
Qc4 Qxh2# 0-1

[Event "Challenge"]
[Site "http://www.queenalice.com/game.php?id=975869"]
[Date "2011.8.23"]
[Round "-"]
[White "CaptnAmerca"]
[Black "GreenLantern"]
[Result "1-0"]
[WhiteElo "1268"]
[BlackElo "1241"]

1. e4 e5 2. Nf3 g5 3. d4 d5 4. exd5 Qxd5 5. dxe5 Qe4+ 6. Be3 Bh6 7. Nc3 Qb4 8.
Qd2 Qxb2 9. Rd1 Nc6 10. Bb5 Kf8 11. Nd4 a6 12. Nxc6 axb5 13. Bc5+ Ne7 14. Rb1
Qxb1+ 15. Nxb1 bxc6 16. h4 Rxa2 17. hxg5 Bg7 18. Qd8# 1-0

[Event "Challenge"]
[Site "http://www.queenalice.com/game.php?id=980092"]
[Date "2011.9.2"]
[Round "-"]
[White "GreenLantern"]
[Black "CaptnAmerca"]
[Result "1-0"]
[WhiteElo "1207"]
[BlackElo "1337"]

1. g3 d5 2. Nc3 e6 3. e4 Nf6 4. e5 Nfd7 5. Qg4 f6 6. exf6 Nxf6 7. Bb5+ c6 8. Qa4
Bd7 9. Be2 b5 10. Qf4 a6 11. d3 Be7 12. Be3 O-O 13. b4 Ne4 14. Qg4 Nxc3 15. Bf3
e5 16. Qh5 e4 17. Be2 a5 18. dxe4 axb4 19. exd5 Rxa2 20. Rxa2 Nxa2 21. Bd3 Rf6
22. Qxh7+ Kf7 23. Qh5+ Kf8 24. Nf3 Nc1 25. Be4 b3 26. O-O b2 27. c4 Rxf3 28.
Qxf3+ Bf6 29. Bd4 b1=Q 30. Bxb1 Ne2+ 31. Kg2 Nxd4 32. Qa3+ Qe7 33. d6 Qf7 34. f3
Bf5 35. d7+ Be7 36. Qa8 Bd6 37. d8=Q+ Qe8 38. Qxd6+ Kg8 39. Qxd4 Qh5 40. g4 Bxg4
41. fxg4 Qh4 42. Qxb8+ Qd8 43. Qbxd8# 1-0

[Event "Challenge"]
[Site "http://www.queenalice.com/game.php?id=980398"]
[Date "2011.9.2"]
[Round "-"]
[White "GreenLantern"]
[Black "gisa2010"]
[Result "1-0"]
[WhiteElo "1252"]
[BlackElo "1338"]

1. e4 e5 2. Nc3 Nc6 3. Qf3 d6 4. Bc4 Nf6 5. d3 Nd4 6. Qd1 b6 7. f4 g6 8. fxe5
dxe5 9. Be3 Bg4 10. Nge2 Nc6 11. h3 Be6 12. a4 Nh5 13. g4 Nf6 14. O-O Bb4 15.
Bb5 Qd7 16. g5 Nh5 17. d4 exd4 18. Nxd4 Ng3 19. Rf3 Bd6 20. Bxc6 Qxc6 21. Nxc6
Nh5 22. Nb5 Bd7 23. e5 Bxc6 24. Nd4 Bxe5 25. Nxc6 Bxb2 26. Bf2 O-O 27. Ne7+ Kg7
28. Ra2 Rad8 29. Qb1 Be5 30. c4 Bd6 31. Qb2+ Nf6 32. Qxf6# 1-0

[Event "Challenge"]
[Site "http://www.queenalice.com/game.php?id=985523"]
[Date "2011.9.15"]
[Round "-"]
[White "CaptnAmerca"]
[Black "GreenLantern"]
[Result "0-1"]
[WhiteElo "1337"]
[BlackElo "1321"]

1. e4 e5 2. Nf3 d5 3. Bb5+ c6 4. Ba4 Bc5 5. d4 Bxd4 6. Bg5 f6 7. Nxd4 fxg5 8.
Nxc6 bxc6 9. exd5 Qa5+ 10. Nc3 Nh6 11. O-O O-O 12. dxc6 Qb6 13. Ne4 Bf5 14. Qe2
Qb4 15. Nxg5 Qxa4 16. Qxe5 Qc4 17. Ne6 Bxe6 18. c7 Nd7 19. Rae1 Nxe5 20. Rxe5
Bd7 21. Rfe1 Bc6 22. b3 Qg4 23. f3 Bxf3 24. Kf2 Be2+ 25. Kg1 Qd4+ 26. Kh1 Qd2
27. R5xe2 Rf1+ 28. Rxf1 Qxe2 29. Rg1 Ng4 30. g3 Qxh2# 0-1

[Event "Challenge"]
[Site "http://www.queenalice.com/game.php?id=985809"]
[Date "2011.9.16"]
[Round "-"]
[White "signifer"]
[Black "GreenLantern"]
[Result "0-1"]
[WhiteElo "1339"]
[BlackElo "1289"]

1. d4 Nc6 2. Nc3 e5 3. d5 Nb4 4. e4 Nh6 5. Bb5 a6 6. Ba4 b5 7. Bb3 Ng4 8. a3
Nxd5 9. Bxd5 Qh4 10. Nf3 Qxf2# 0-1

[Event "Challenge"]
[Site "http://www.queenalice.com/game.php?id=988320"]
[Date "2011.9.22"]
[Round "-"]
[White "CaptnAmerca"]
[Black "GreenLantern"]
[Result "1-0"]
[WhiteElo "1351"]
[BlackElo "1349"]

1. e4 Nf6 2. d3 d5 3. Nd2 dxe4 4. dxe4 e5 5. Ngf3 Ng4 6. Bd3 c6 7. Nc4 b5 8.
Ncxe5 Nxf2 9. Kxf2 Qb6+ 10. Be3 c5 11. b4 Qf6 12. Bxb5+ Nd7 13. Nxd7 Qd6 14.
Nf6+ Ke7 15. Bxc5 Ke6 16. Bxd6 Bxd6 17. e5 Bxb4 18. Qd5+ Kf5 19. g4+ Kg6 20.
Bd3+ Bf5 21. gxf5+ Kh6 22. Qe4 Bc5+ 23. Kg2 gxf6 24. exf6 Rhg8+ 25. Kf1 Rg6 26.
fxg6 fxg6 27. Qxa8 Be3 28. f7 Bc5 29. Re1 Bd6 30. f8=Q+ Bxf8 31. Qxf8+ Kh5 32.
Re4 g5 33. h4 gxh4 34. Rhxh4+ Kg6 35. Re6# 1-0

[Event "Challenge"]
[Site "http://www.queenalice.com/game.php?id=992854"]
[Date "2011.10.3"]
[Round "-"]
[White "GreenLantern"]
[Black "CaptnAmerca"]
[Result "0-1"]
[WhiteElo "1301"]
[BlackElo "1418"]

1. c4 c5 2. f4 d5 3. f5 dxc4 4. Nh3 b5 5. e3 g6 6. Qf3 Bb7 7. Qf4 a5 8. fxg6
hxg6 9. Na3 Rxh3 10. gxh3 Bxh1 11. Nxb5 Bc6 12. Bxc4 e6 13. Nc7+ Ke7 14. Nxa8
Bh6 15. Qh4+ Ke8 16. Qg4 Bxa8 17. b3 Qf6 18. Bb5+ Bc6 19. Qa4 Kf8 20. Bxc6 Qxa1
21. Kd1 Ne7 22. Ba8 Bg7 23. Qxa5 Bb2 24. Qxc5 Bxc1 25. Qxc1 Qxc1+ 26. Kxc1 Nf5
27. e4 Nd4 28. b4 Ne2+ 29. Kb2 f5 30. a4 f4 31. e5 g5 32. a5 Nd4 33. Kc3 Nb5+
34. Kc4 Nc7 35. b5 Nxa8 36. Kc5 f3 37. Kd6 f2 38. Kxe6 f1=Q 39. Kd6 Qxb5 40. e6
Qc6+ 41. Ke5 Ke7 42. Kf5 Qxe6+ 43. Kxg5 Qe5+ 44. Kg4 Qxa5 45. h4 Nd7 46. d4 Nf6+
47. Kf4 Qc7+ 48. Kg5 Nb6 49. h5 Nbd5 50. Kg6 Qf4 51. h6 Qg4# 0-1

[Event "Challenge"]
[Site "http://www.queenalice.com/game.php?id=1002138"]
[Date "2011.10.27"]
[Round "-"]
[White "CaptnAmerca"]
[Black "GreenLantern"]
[Result "1-0"]
[WhiteElo "1462"]
[BlackElo "1285"]

1. e4 e5 2. Nf3 Nh6 3. g3 Bc5 4. d3 Ng4 5. Be3 Na6 6. Bh3 Nh6 7. Nxe5 d6 8. Ng4
b5 9. Nxh6 Bxh3 10. Qh5 Qf6 11. Ng8 Qxb2 12. Qxh3 Qxa1 13. O-O Rxg8 14. Qxh7
O-O-O 15. Na3 Qxa2 16. Nxb5 Kb8 17. c4 g6 18. Qh3 c6 19. Nd4 Nb4 20. Rd1 Qc2 21.
Nxc2 Nxc2 22. Rb1+ Ka8 23. Bxc5 dxc5 24. g4 Nb4 25. d4 Rxd4 26. Qe3 Re8 27. Qa3
Rexe4 28. Ra1 Rxg4+ 29. Kf1 Rd7 30. Qh3 Rgd4 31. Kg2 Rd3 32. Qg4 f5 33. Qxg6 Nc2
34. Rb1 Rd8 35. Qxc6# 1-0

[Event "Challenge"]
[Site "http://www.queenalice.com/game.php?id=1024807"]
[Date "2012.2.2"]
[Round "-"]
[White "CaptnAmerca"]
[Black "GreenLantern"]
[Result "0-1"]
[WhiteElo "1471"]
[BlackElo "1273"]

1. e4 e5 2. Nc3 Bc5 3. d3 Nh6 4. Bxh6 Qf6 5. Qh5 Qxf2+ 6. Kd1 d6 7. Bxg7 Qxf1+
8. Kd2 Qxg2+ 9. Nce2 Qxg7 10. Nf3 Bg4 11. Qxg4 Qxg4 12. Raf1 d5 13. Nxe5 Qg5+
14. Rf4 Qxe5 15. exd5 Qxd5 16. Rhf1 Na6 17. Rxf7 Qg5+ 18. Nf4 O-O-O 19. Ke2 Qg4+
20. Rf3 Rde8+ 21. Kd2 Qxf3 0-1